Culture Générale - Série 477 - Statistiques

Statistiques générales
  • Ce quiz a été pris 178 fois
  • Le résultat moyen est 5 sur 10
Statistiques - réponses
Question Réponse % Correct
Dans la fable "Le Corbeau et le Renard", par quel mot le renard désigne‐t‐il le chant du corbeau ? ramage
77%
Quel savant français a écrit le "Discours de la méthode" en 1637 ? René Descartes
72%
Dans "Retour vers le futur", comment le jeune Marty surnomme‐t‐il le professeur Emmett Brown ? Doc
62%
Selon le titre de la fable, de quoi les animaux sont‐ils malades ? peste
62%
En quel animal Pinocchio se transforme‐t‐il au pays de cocagne ? âne
45%
Dans un roman d'Alphonse Daudet, quel gentil mythomane prétend avoir chassé le lion en Afrique ? Tartarin
43%
Dans quelle pièce de Molière, Alceste ne supporte‐t‐il plus le mensonge de la cour ? Le Misanthrope
34%
Quel savant, inspiré d'un roman du 19e siècle, Kenneth Branagh a‐t‐il joué en 1995 ? Frankenstein
33%
Avec Gérard Depardieu et Bernard Blier, qui est le 3e homme du trio du film "Buffet Froid" ? Jean Carmet
15%
Quel étrange docteur possède des pouvoirs hypnotiques dans un film de Fritz Lang en 1932 ? Mabuse
15%
Aucun quiz correspondant
Distribution des résultats
% des personnes avec chaque résultat
Percentile par nombre de réponses
Votre historique - résultats
Vous n’avez pas pris ce quiz